LIBRARY & INFORMATION CENTRE, KCAET, TAVANUR

ONLINE PUBLIC ACCESS CATALOGUE (OPAC)

Environmental Impact of Large Reservoir Projects on Human Settlement (Record no. 19411)

MARC details
000 -LEADER
fixed length control field 00392nam a22001457a 4500
003 - CONTROL NUMBER IDENTIFIER
control field OSt
008 - FIXED-LENGTH DATA ELEMENTS--GENERAL INFORMATION
fixed length control field 250219b |||||||| |||| 00| 0 eng d
041 ## - LANGUAGE CODE
Language code of text/sound track or separate title eng
082 ## - DEWEY DECIMAL CLASSIFICATION NUMBER
Classification number 628.01
Item number DAL/EN
100 ## - MAIN ENTRY--AUTHOR NAME
Personal name Dalma, AK
245 ## - TITLE STATEMENT
Title Environmental Impact of Large Reservoir Projects on Human Settlement
250 ## - EDITION STATEMENT
Edition statement 1st
260 ## - PUBLICATION, DISTRIBUTION, ETC. (IMPRINT)
Place of publication New Delhi:
Name of publisher Ashish Publishing House,
Year of publication 1993.
942 ## - ADDED ENTRY ELEMENTS (KOHA)
Koha item type Books
Holdings
Withdrawn status Lost status Damaged status Home library Current library Date acquired Source of acquisition Cost, normal purchase price Full call number Accession Number Koha item type
      KAUAET KAUAET 19/02/2025 Southern Book Stall, Trivandrum 400.00 628.01 DAL/EN 20229 Books
free website counter